Unit operations of sanitary engineering (Record no. 24058)

000 -LEADER
fixed length control field 00505nam a22001931a 4500
001 - CONTROL NUMBER
control field 24058
003 - CONTROL NUMBER IDENTIFIER
control field BD-DhUET
008 - FIXED-LENGTH DATA ELEMENTS--GENERAL INFORMATION
fixed length control field 750916s1961 nyua b 001 0 eng
040 ## - CATALOGING SOURCE
Original cataloging agency DLC
Transcribing agency FMU
Modifying agency BD-DhUET
082 ## - DEWEY DECIMAL CLASSIFICATION NUMBER
Classification number 628
Item number RIC/1961
100 ## - MAIN ENTRY--PERSONAL NAME
Personal name Rich, Linvil G.
245 10 - TITLE STATEMENT
Title Unit operations of sanitary engineering
250 ## - EDITION STATEMENT
Edition statement 1st ed.
260 ## - PUBLICATION, DISTRIBUTION, ETC. (IMPRINT)
Place of publication, distribution, etc. New York
Name of publisher, distributor, etc. John Wiley
Date of publication, distribution, etc. 1961
300 ## - PHYSICAL DESCRIPTION
Extent xi, 308 p.
Other physical details ill.
Dimensions 24 cm.
504 ## - BIBLIOGRAPHY, ETC. NOTE
Bibliography, etc Includes bibliographies
650 #0 - SUBJECT ADDED ENTRY--TOPICAL TERM
Topical term or geographic name as entry element Sanitary Engineering
942 ## - ADDED ENTRY ELEMENTS (KOHA)
Koha item type General Book
Holdings
Koha date last seen Price effective from Koha normalized classification for sorting Date acquired Sublocation or collection (holding branch) Location (home branch) Source of classification or shelving scheme Lost status Shelving location Withdrawn status Koha full call number Koha item type Copy number Not for loan Damaged status Piece designation (barcode)
2015-05-062015-05-06628_000000000000000_RIC_19612015-05-06Central Library, BUETCentral Library, BUET  Circulation section 628/RIC/1961General Book1  25023
2015-05-072015-05-07628_000000000000000_RIC_19612015-05-07Central Library, BUETCentral Library, BUET  Circulation section 628/RIC/1961General Book2  11959
2015-05-092015-05-09628_000000000000000_RIC_19612015-05-09Central Library, BUETCentral Library, BUET  Circulation section 628/RIC/1961General Book3  20121
2015-05-092015-05-09628_000000000000000_RIC_19612015-05-09Central Library, BUETCentral Library, BUET  Circulation section 628/RIC/1961General Book4  14703
2015-05-092015-05-09628_000000000000000_RIC_19612015-05-09Central Library, BUETCentral Library, BUET  Circulation section 628/RIC/1961General Book5  25024
2015-05-092015-05-09628_000000000000000_RIC_19612015-05-09Central Library, BUETCentral Library, BUET  Circulation section 628/RIC/1961General Book6  20120